Word Ladder: Work It Quiz Stats

 Plays Quiz Updated May 10, 2015

Challenge
Share
Tweet
Embed
Score 0/14 Timer 01:30
0 Plays Today
Clue 4-Letter Word % Correct
1/100th of a dollarCENT
95.3%
E-mailed an e-mailSENT
95%
Use a barbell at the gymLIFT
91.1%
River vehicle used by Huck FinnRAFT
86.4%
Mortally defeat the dragonSLAY
83%
A fissure or faultRIFT
82.4%
Show off your triceps after working outFLEX
80.2%
Clue 4-Letter Word % Correct
Celebrity chef Bobby FLAY
78.3%
The fibers that are spun into linenFLAX
73.9%
Give an angsty diatribeRANT
73%
Lean to one sideCANT
70.1%
Prevent a ruling or execution from happeningSTAY
69.6%
One of 435 in the US House of RepresentativesSEAT
69.1%
On-base percentage, points per game, or total yards, e.g.STAT
68.5%

Today's Daily Dose

You're not logged in!

Compare scores with friends on all Sporcle quizzes.
OR
Log In

You Might Also Like...

Show Comments

Extras

Top Quizzes Today


Score Distribution

Your Account Isn't Verified!

In order to create a playlist on Sporcle, you need to verify the email address you used during registration. Go to your Sporcle Settings to finish the process.

Report this User

Report this user for behavior that violates our Community Guidelines.

Details: